000 01041nam0a22002771 4500
001 rc\4149689
005 20250611004518.0
021 _aRU
_b[54-16683]
035 _a(NLR Aleph) 007991762
090 _a8583922
_c8583922
100 _a20130415d1954 |||y0rusy50 ca
101 0 _arus
102 _aRU
105 _ac z |||||
200 1 _aСтанислав Густавович Струмилин. 1877-1974
_fВступ. статья В.П. Кириченко
_gБиблиогр. сост. Р.В. Беловой
205 _a2-е изд., доп.
210 _aМосква
_cИзд-во Акад. наук СССР
_d1954
215 _a60 с., 1 л. портр.
_d17
225 1 _aАкадемия наук СССР. Материалы к библиографии ученых СССР
_iСерия экономики
_vВып. 1
702 1 _aКириченко
_bВ.П.
_4080
702 1 _aБелова
_bР.В.
_4220
801 0 _aRU
_bNLR
_gpsbo
801 1 _aRU
_bELAR
_2rusmarc
852 _aNLR
_j841/С87
942 _cBOOK
980 _aNB